Работническото движение, осветено от материалистическия взгляд на историята (Запис номер 135420)
[ съкратено ]
| 000 -Лидер | |
|---|---|
| Контролно поле с фиксирана дължина | nam a22 a 4500 |
| 003 - Код на организацията, давaща контролен номер | |
| Контролно поле | BLK |
| 005 - Дата и час на последна редакция | |
| Контролно поле | 20201014103805.0 |
| 008 - Елементи от данни с фиксирана дължина | |
| fixed length control field | 180409b bul|||||r ||||||| ||bul|| |
| 010 ## - Наследен системен номер | |
| LC control number | KNG00141346000 |
| 040 ## - Източник на каталожния запис | |
| Идентификатор на билиотеката - собственик на записа | BLK |
| 041 ## - Код за език | |
| Код за езика на текст/звукозапис или на отделно заглавие | Български |
| Код за езика КДБФ | Български |
| 072 #7 - Код за тематичната категория | |
| Код организация | bullib |
| Код за тематична категория | Ц |
| Текст | Редки и ценни |
| 080 ## - УДК | |
| Текстов определител УДК | Служещи. Работници |
| УДК код - определител по УДК | 323.33 |
| УДК - код + определител | 323.33 |
| 080 ## - УДК | |
| Текстов определител УДК | Класова борба. Форми на класова борба. Социален конфликт |
| УДК код - определител по УДК | 323.4 |
| УДК - код + определител | 323.4 |
| 080 ## - УДК | |
| Текстов определител УДК | Политически и национални движения и организации в различни области |
| УДК код - определител по УДК | 329.7 |
| УДК - код + определител | 329.7 |
| 080 ## - УДК | |
| Текстов определител УДК | Исторически материализъм |
| УДК код - определител по УДК | 141.12:31 |
| УДК - код + определител | 141.12:31 |
| 100 1# - Редна дума - Автор | |
| Автор | Краузе, Герхард |
| Авторска отговорност | първи автор |
| R(LIN) | 324814 |
| 139 ## - Редно поле | |
| Редна дума | Краузе, Герхард |
| Авторски знак | Крал - К 89 |
| 245 10 - Сведения за заглавието | |
| Заглавие | Работническото движение, осветено от материалистическия взгляд на историята |
| Редно поле (дума) | Герхард Краузе; прев. от нем. Хр. М-н; * Христо Атанасов Мутафов. |
| 257 ## - Страна на издаване | |
| Страна на създаване/издаване | Германия |
| 260 ## - Област на издателските данни | |
| Година на издаване | 1893 |
| Печатница | Севлиево : скоропеч. П. Мутафов и сие |
| Място на издаване, разпространение и проч. | Севлиево |
| 300 ## - Физическа характеристика | |
| Страници | 50 с. |
| Размери/Мащаб | 19 см |
| 380 ## - Жанр | |
| Жанр | Обществени науки |
| 490 ## - СЕРИИ (Колекции) | |
| 9 (RLIN) | 435080 |
| Име на серия | Колекция Редки и ценни издания |
| 500 ## - Общи забележки | |
| Забележка | Инв. № 767377 подв. към Осемнадесетий брюмер на Луи Бонапарта / К. Маркс. 1897 със сигн. Рб 897 и инв. № 12148 ; Инв. № 767403 подв. към Развитие на научния социализъм / Фр. Енгелс. 1890 със сигн. Рб 890 и инв. № 13129-а. |
| 650 #4 - Допълнително описание по предмет – тема | |
| Основно описание – тема или топоним | Работническо движение - история |
| 9 (RLIN) | 257928 |
| 650 #4 - Допълнително описание по предмет – тема | |
| Основно описание – тема или топоним | Класова борба |
| 9 (RLIN) | 158709 |
| 650 #4 - Допълнително описание по предмет – тема | |
| Основно описание – тема или топоним | Исторически материализъм |
| 9 (RLIN) | 286946 |
| 653 ## - Ключова дума – ненормативна | |
| Ключова дума | работническо движение |
| 653 ## - Ключова дума – ненормативна | |
| Ключова дума | работническа класа |
| 653 ## - Ключова дума – ненормативна | |
| Ключова дума | исторически материализъм |
| 659 ## - Тематичен бюлетин | |
| Тематичен бюлетин | Ц |
| 700 1# - Други автори (авторска отговорност) | |
| Лично име | Хр. М-н |
| Автороска отговорност (Описва отношението между автора и произведението) | прев. от нем. |
| Друга информация | Мутафов, Христо Атанасов |
| 9 (RLIN) | 324815 |
| 700 1# - Други автори (авторска отговорност) | |
| Лично име | Мутафов, Христо Атанасов |
| Автороска отговорност (Описва отношението между автора и произведението) | * |
| 9 (RLIN) | 324759 |
| 852 ## - Местоположение | |
| Форматна сигнатура | Рб 890 |
| Фондова буква | Редки и ценни |
| 852 ## - Местоположение | |
| Форматна сигнатура | Рб 893 |
| Фондова буква | Редки и ценни |
| 852 ## - Местоположение | |
| Форматна сигнатура | Рб 897 |
| Фондова буква | Редки и ценни |
| 856 4# - Електронен адрес и достъп | |
| Електронен формат | pdf - файл |
| 999 ## - СИСТЕМНИ КОНТРОЛНИ НОМЕРА | |
| Koha biblionumber | 135420 |
| Koha biblioitemnumber | 135420 |
| 942 ## - АРТИКУЛИ | |
| Вид на библиотечния материал | Книги |
| Скрит в OPAC | Не |
| Периодичен библиозапис | Да |
| 944 ## - СЪЗДАВАНЕ И РЕДАКЦИЯ на ЗАПИСА | |
| Създаване/Редакция | Създаване |
| Дата на регистрацията/редакция | 22.03.2013 |
| Статус, дата на статуса | ф / 22.03.2013 |
| Служител, извършил регистрацията/редакцията | Людмила_Стоянова |
| 944 ## - СЪЗДАВАНЕ И РЕДАКЦИЯ на ЗАПИСА | |
| Създаване/Редакция | Редакция |
| Дата на регистрацията/редакция | 2020-10-14 |
| 999 ## - СИСТЕМНИ КОНТРОЛНИ НОМЕРА | |
| Koha biblioitemnumber | 135420 |
| 999 ## - СИСТЕМНИ КОНТРОЛНИ НОМЕРА | |
| Koha biblioitemnumber | 135420 |
| 999 ## - СИСТЕМНИ КОНТРОЛНИ НОМЕРА | |
| Koha biblioitemnumber | 135420 |
| Код за отписване | Код за изгубен артикул | Източник на класификационната схема | Код за повреда | Коз за рестрикции | Код за отдаване | Артикулен № | Име на библиотеката - собственик | Име на библиотеката, в която се намира в момента | Статус (Текущо местоположение) | Дата на вписване в системата | Местоположение - отдел | Цена в лева | Инвентарен номер | Систематично азбучна сигнатура | Баркод | Номер на екземпляра | Цена в евро | Служебна бележка | Служебен тип на артикула |
|---|---|---|---|---|---|---|---|---|---|---|---|---|---|---|---|---|---|---|---|
| Не е изгубен | Universal Decimal Classification | Не е повреден | само за читалня | Специални фондове ( старопечатни, редки и ценни, фонд М. Арнаудов) | 221385 | Регионална библиотека "Любен Каравелов" Русе | Регионална библиотека "Любен Каравелов" Русе | Редки и ценни | 1893-01-01 | Редки и ценни | 0.04 | 13162 | Рб 893 | 900000036410 | 1 | 0.02 | N: стар фонд Дата: 01.01.1893 Дата инв: 15.12.2016 Бележки инв: Рц2016 | Книги | |
| Не е изгубен | Universal Decimal Classification | Не е повреден | само за читалня | Специални фондове ( старопечатни, редки и ценни, фонд М. Арнаудов) | 221386 | Регионална библиотека "Любен Каравелов" Русе | Регионална библиотека "Любен Каравелов" Русе | Редки и ценни | 2013-06-25 | Редки и ценни | 12.00 | 120000767377 | Рб 897 | 120000767377 | 2 | 6.14 | Дост: DA Вид: А N: 14 Дата: 25.06.2013 Дата инв: 15.12.2016 Бележки инв: Рц2016 | Книги | |
| Не е изгубен | Universal Decimal Classification | Не е повреден | само за читалня | Специални фондове ( старопечатни, редки и ценни, фонд М. Арнаудов) | 221387 | Регионална библиотека "Любен Каравелов" Русе | Регионална библиотека "Любен Каравелов" Русе | Редки и ценни | 2013-06-25 | Редки и ценни | 12.00 | 120000767403 | Рб 890 | 120000767403 | 3 | 6.14 | Дост: DA Вид: А N: 14 Дата: 25.06.2013 Дата инв: 02.04.2018 Бележки инв: Рц2018 | Книги |